| 000 | 00959nam a2200241 a 4500 | ||
|---|---|---|---|
| 005 | 20160922122932.0 | ||
| 008 | 120224s2006 ck a gr 000 0dspa d | ||
| 040 |
_aCO-BoIAVH _cCO-BoIAVH |
||
| 041 | 0 | _aspa | |
| 044 | _ack | ||
| 082 | 0 | 4 |
_a639.20986 _bC82p1 |
| 110 | 2 | _aCorporación Colombia Internacional. | |
| 245 | 1 | 0 |
_aPesca y acuicultura : _bColombia 2008 / _cCorporación Colombia Internacional. |
| 260 |
_aBogotá : _bRepublica de Colombia. Ministerio de Agricultura y Desarrollo Rural, _c2008. |
||
| 300 |
_a78 paginas aproximadamente sin numerar : _bilustraciones ; _c28 x 21 cm. |
||
| 500 | _aGlosario : páginas 54-57. | ||
| 504 | _aIncluye referencias bibliográficas. | ||
| 650 | 2 | 6 |
_aPesca _zColombia _y2008 _vInforme |
| 650 | 2 | 6 |
_aRecursos pesqueros _zColombia _y2008 _vInforme |
| 650 | 2 | 6 |
_aAcuicultura _zColombia _y2008 _vInforme |
| 650 | 2 | 6 |
_aPesca marina _zColombia _y2008 _vInforme |
| 942 |
_2ddc _cLIBRO |
||
| 999 |
_c19047 _d19047 |
||